| 000 | 01426nam a22004097a 4500 | ||
|---|---|---|---|
| 003 | CHAP | ||
| 005 | 20220817044514.0 | ||
| 008 | 120222s2008 it rn 00010 eng d | ||
| 010 | _a102811 | ||
| 011 | _a103783 | ||
| 020 | _a9789250060262 | ||
| 035 | _a114472 | ||
| 040 | _cCHAP | ||
| 082 | 1 | 4 |
_a639.2 _bF46b |
| 110 | 2 | _aFAO | |
| 245 | 1 | 0 |
_aReport of the regional workshop on inland fisheries and aquaculture in Central Asia : _bstatus and development _c/editado por Raymon Van Anrooy, Gerd Marmulla y Ramazan Celebi |
| 260 |
_aRoma : _bFAO, _cc2008 |
||
| 300 | _a58 p. | ||
| 490 | 0 |
_aFAO. Informe de pesca _v; 862 |
|
| 500 | _aBeymelek, Turkey, 11-14 December 2007 | ||
| 500 | _aEdición bilingüe (inglés - ruso) | ||
| 590 |
_aBATCH-UPD _b10 _c20130110 _lUCH01 _h1046 |
||
| 590 |
_aBATCH-UPD _b10 _c20130410 _lUCH01 _h0644 |
||
| 590 |
_aBATCH-UPD _b10 _c20130914 _lUCH01 _h0907 |
||
| 590 |
_aCONVERSION _b10 _c20130109 _lUCH01 _h1357 |
||
| 650 | 1 | 4 |
_aAcuicultura. _9758 |
| 650 | 1 | 4 |
_aDesarrollo pesquero. _932064 |
| 650 | 1 | 4 |
_aPesca continental. _987434 |
| 650 | 1 | 4 |
_aPolítica pesquera. _990684 |
| 700 | 0 |
_aMarmulla, Gerd _e, ed. _971473 |
|
| 700 | 1 |
_aCelebi, Ramazan _e, ed _920891 |
|
| 700 | 1 |
_aVan Anrooy, Raymon _e, ed. _9117696 |
|
| 830 | 0 |
_aFAO. Informe de pesca _v; 862 _939587 |
|
| 901 | _aBK | ||
| 942 | _cLIBRO | ||
| 949 |
_a639.2 F46b v.862 _bBC _cFAO _d33724002098743 _eFAO1 _gDonaciØn _h116042 _i114472 _sb |
||
| 999 |
_c102811 _d102811 |
||